| 000 | 00394nam a22001457a 4500 | ||
|---|---|---|---|
| 020 | _qPB. | ||
| 040 | _cFIZZA ISHAQ | ||
| 082 |
_a006.3 _bGEO |
||
| 100 |
_aLUGER, F. GEORGE. _991512 |
||
| 245 |
_aARTIFICIAL INTELLIGENCE STRUCTURES AND STRATEGIES FOR COMPLEX PROBLEM SOLVING / _cGEORGE F. LUGER. |
||
| 250 | _a5th ED. | ||
| 260 |
_bPEARSON, _c2004. |
||
| 300 | _a903 P. ; | ||
| 942 |
_2ddc _cBK |
||
| 999 |
_c589630 _d589630 |
||